1710 1373 1087 1174 1590 1255 1118 1871 1410 1498 1255 1816 1943 1888 1358 1113 1326 1223 1434 1021 1938 1568 1056 1050 1844 1770 1275 1339 1791 1371 1535 1218 1972 1275 1840 1430 1573 1833 1436 1095 1431 1379 1450 1924 1945 1391 1780 1341 1050 1156 1914 1667 1584 1116 1383 1300 1077 1521 1398 1770 1739 1823 1769 1269 1781 1709 1012 1181 1875 1617 1510 1071 1596 1116 1036 1336 1046 1294 1323 1634 1989 1799 1718 1598 1278 1851 1131 1377 1515 1722 1378 1327 1217 1239 1183 1644 1216 1174 1422 BCNSPRNW ULIB Ver.6.0+V

เปลี่ยนเป็นภาษาไทย

Change to English
 แสดงรายละเอียดบรรณานุกรม
  กลับหน้าหลัก

Brief Record : Get Marc (ISO 2709) : E-mail record : QR code < ปิดหน้าต่าง
LEADER : 00000nam 2200000uu 4500
001    13399113659
003     ULIB
008    020711s2549 th a 000 0 tha d
020    ^a9749463854
090    ^aนว.^bs11ม 2549
100    ^aSteve Cash
245    ^aเดอะเม็ก เผ่าพันธุ์อมตะ/^cSteve Cash
260    ^aกรุงเทพฯ :^bนานมีบุ๊ค,^c2549
300    ^a527 หน้า
945    ^p345^l0^i019595
995    ทศพร
999 ^a ใช้งานได้ทุกระบบ
รายการนี้ยังไม่มีแท็ก
คุณยังไม่ได้ล็อกอิน คุณสามารถมีกิจกรรมร่วมกับเว็บไซต์ได้ แต่ต้องล็อกอินก่อน ::
  ล็อกอิน

รายการสื่อสารสนเทศ

ลำดับที่ ประเภท เลขเรียก/บาร์โค้ด สถานที่ สถานะ
1. นวนิยาย
นวนิยาย
นว. s11ม 2549 ฉ.1 
  Barcode: 019595
ห้องสมุดวิทยาเขตสวรรค์ประชารักษ์
►นวนิยาย
บนชั้น
  ขอยืม

BibComment


ยังไม่เคยถูกคอมเมนท์

คอมเมนท์ทรัพยากรรายการนี้
  คอมเมนท์: เดอะเม็ก เผ่าพัน..


 Copyright 2026. Bcnsprnw @Library